Name Every SSBU Character - Statistics

General Stats
  • This quiz has been taken 201 times
  • The average score is 42 of 89
Answer Stats
Hint Answer % Correct
01 Mario
100%
02 Donkey Kong
89%
03 Link
89%
09 Luigi
88%
13 Peach
86%
13E Daisy
84%
14 Bowser
81%
04 Samus
81%
06 Kirby
78%
08 Pikachu
76%
04E Dark Samus
75%
05 Yoshi
73%
07 Fox
68%
21 Marth
67%
60E Ken
63%
17 Zelda
63%
21E Lucina
61%
25 Roy
59%
11 Captain Falcon
58%
20 Falco
58%
19 Pichu
58%
42 R.O.B
56%
12 Jigglypuff
55%
43 Toon Link
54%
22 Young Link
54%
25E Chrom
51%
36 Diddy Kong
51%
23 Ganondorf
51%
16 Sheik
51%
10 Ness
50%
28 Pit
50%
77 Steve/Alex
50%
28E Dark Pit
49%
69 Incineroar
49%
24 Mewtwo
49%
30 Wario
47%
71 Joker
46%
41 Lucario
46%
82 Sora
46%
58 Bowser Jr.
45%
67 King K. Rool
45%
27 Meta Knight
45%
79 Pyra
45%
60 Ryu
45%
35 Charizard
44%
44 Wolf
44%
32 Ike
43%
29 Zero Suit Samus
43%
80 Mythra
42%
33 Squirtle
42%
63 Bayonetta
41%
81 Kazuya
41%
75 Byleth
39%
61 Cloud
39%
18 Dr. Mario
39%
15 Ice Climbers
39%
39 King Dedede
39%
26 Mr. Game and Watch
39%
56 Robin
39%
78 Sephiroth
39%
37 Lucas
38%
38 Sonic
38%
34 Ivysaur
37%
76 Min Min
37%
50 Greninja
36%
31 Snake
36%
62 Corrin
35%
59 Duck Hunt
35%
65 Ridley
34%
73 Banjo and Kazooie
33%
54 Palutena
33%
74 Terry
32%
72 Hero
31%
68 Isabelle
30%
57 Shulk
30%
45 Villager
30%
70 Piranha Plant
29%
48 Rosalina and Luma
29%
66 Simon
28%
51 Mii Brawler
25%
53 Mii Gunner
25%
55 Pac-Man
25%
66E Richter
25%
47 Wii Fit Trainer
25%
52 Mii Swordfighter
24%
64 Inkling
23%
49 Little Mac
23%
46 Mega Man
22%
40 Olimar
22%
No matching quizzes found
Score Distribution
Percent of People with Each Score
Percentile by Number Answered
Your Score History
You have not taken this quiz